000 00399nam a22001337a 4500
005 20230726122522.0
008 230726b |||||||| |||| 00| 0 eng d
041 _aeng
100 _aAGGARWALA, DR. ADISH C. AND MARCHINGTON, MS. SARAH J.
_97880
245 _aNARENDRA MODI: A CHARISMATIC & VISIONARY STATESMAN
260 _aLONDON
_bUK. PUBLISHERS & DISTRIBUTORS LTD.
300 _a368;P
942 _cBK
999 _c8341
_d8339